Online
Catalog

Cristobal Colón : (Record no. 36015)

MARC details
000 -CABECERA
campo de control de longitud fija 00537nam a2200157 a 4500
001 - NÚMERO DE CONTROL
campo de control 000036524
005 - FECHA Y HORA DE LA ÚLTIMA TRANSACCIÓN
campo de control 20200930075759.0
008 - DATOS DE LONGITUD FIJA--INFORMACIÓN GENERAL
campo de control de longitud fija 120119s1968 es 000 0 spa d
040 ## - FUENTE DE LA CATALOGACIÓN
Centro catalogador/agencia de origen DO-SdBNP
Lengua de catalogación spa
Centro/agencia transcriptor BNPHU
100 1# - ENTRADA PRINCIPAL--NOMBRE DE PERSONA
Nombre de persona Ximenez de Sandoval, Felipe
9 (RLIN) 19335
245 10 - MENCIÓN DE TÍTULO
Título Cristobal Colón :
Resto del título evocación del almirante de la mar oceána /.
250 ## - MENCIÓN DE EDICIÓN
Mención de edición 4a ed.
260 ## - PUBLICACIÓN, DISTRIBUCIÓN, ETC.
Lugar de publicación, distribución, etc. Madrid :
Nombre del editor, distribuidor, etc. Ediciones Cultura Hispánica,
Fecha de publicación, distribución, etc. 1968.
300 ## - DESCRIPCIÓN FÍSICA
Extensión 318 p. ;
Dimensiones 24 cm.
586 ## - NOTA DE PREMIOS
Nota de premios Premio Virgen del Carmen 1954 de la Presidencia del Consejo de Ministros
Holdings
Estado de retiro Estado de pérdida Restricciones de uso No para préstamo Código de colección Localización permanente Ubicación/localización actual Ubicación en estantería Fecha de adquisición Número de inventario Total de préstamos Signatura topográfica completa Código de barras Fecha visto por última vez Precio válido a partir de Tipo de ítem Koha
      Excluido de préstamo Monografías: Libros y Folletos General General En catalogación 19.01.2012 LF1   36525-10 25.06.2020 25.06.2020 No se presta

Powered by Koha